[Event "Chile Championship Women 2022"]
[Site "Las Condes"]
[Date "2022.02.24"]
[Round "8.1"]
[White "Toro Pradenas, Maria Jose"]
[Black "Lemus Pena, Macarena"]
[Result "0-1"]
[WhiteElo "1979"]
[BlackElo "1703"]
[Annotator "RC"]
[PlyCount "114"]
[EventDate "2022.02.18"]
[EventType "tourn"]
[EventCountry "CHI"]
[SourceTitle "playchess.com"]
[Source "ChessBase"]
[SourceQuality "1"]
[TimeControl "5400+30"]

1. e4 {[%emt 0:00:14]} e6 {[%emt 0:12:05]} 2. d4 {[%emt 0:00:09]} d5 {[%emt 0:00:43]} 3. Nc3 {[%emt 0:00:12]} Nf6 {[%emt 0:00:08]} 4. e5 {[%emt 0:00:14]} Nfd7 {[%emt 0:00:08]} 5. f4 {[%emt 0:00:12]} c5 {[%emt 0:00:09]} 6. Nf3 {[%emt 0:00:09]} Nc6 {[%emt 0:00:24]} 7. Be3 {[%emt 0:00:26]} cxd4 {[%emt 0:00:54]} 8. Nxd4 {[%emt 0:00:10]} Bc5 {[%emt 0:00:08]} 9. Qd2 {[%emt 0:02:25]} O-O {[%emt 0:01:42]} 10. Na4 {[%emt 0:15:19]} Bxd4 {[%emt 0:03:58]} 11. Bxd4 {[%emt 0:00:25]} Nxd4 {[%emt 0:00:21]} 12. Qxd4 {[%emt 0:00:10]} Qc7 {[%emt 0:05:31]} 13. Bd3 {[%emt 0:04:57]} a6 {[%emt 0:02:23]} 14. b3 {[%emt 0:05:20]} b5 {[%emt 0:02:00]} 15. Nc3 {[%emt 0:02:59]} Nc5 {[%emt 0:01:49]} 16. O-O {[%emt 0:04:12]} Nxd3 {[%emt 0:09:52]} 17. cxd3 {[%emt 0:01:43]} Qa7 {[%emt 0:04:39]} 18. Ne2 {[%emt 0:01:00]} Bd7 {[%emt 0:01:39]} 19. Rac1 {[%emt 0:02:01]} b4 {[%emt 0:03:19]} 20. Qxa7 {[%emt 0:26:26]} Rxa7 {[%emt 0:03:41]} 21. Nd4 {[%emt 0:00:16]} a5 {[%emt 0:03:53]} 22. Rf2 {[%emt 0:00:46]} Rb8 {[%emt 0:11:38]} 23. Rfc2 {[%emt 0:01:51]} h6 {[%emt 0:03:33]} 24. Rc7 {[%emt 0:01:26]} Rbb7 {[%emt 0:01:43]} 25. Rxb7 {[%emt 0:01:15]} Rxb7 {[%emt 0:00:08]} 26. Kf2 {[%emt 0:12:57]} Kf8 {[%emt 0:04:04]} 27. Ke3 {[%emt 0:00:32]} Ke8 {[%emt 0:00:24]} 28. g4 {[%emt 0:04:27]} Kd8 {[%emt 0:04:17]} 29. h4 {[%emt 0:04:48]} f6 {[%emt 0:05:22]} 30. g5 {[%emt 0:02:49]} fxe5 {[%emt 0:02:52]} 31. fxe5 {[%emt 0:00:09]} hxg5 {[%emt 0:04:27]} 32. hxg5 {[%emt 0:00:06]} Ke7 {[%emt 0:00:39]} 33. Kf4 {[%emt 0:03:33]} a4 {[%emt 0:02:57]} 34. g6 {[%emt 0:00:40]} Be8 {[%emt 0:00:44]} 35. Kg5 {[%emt 0:00:25]} axb3 {[%emt 0:01:04]} 36. axb3 {[%emt 0:00:24]} Ra7 {[%emt 0:00:21]} 37. Rc8 {[%emt 0:01:35]} Ra1 {[%emt 0:02:57]} 38. Rc7+ {[%emt 0:00:18]} Bd7 {[%emt 0:00:06]} 39. Nc6+ {[%emt 0:00:51]} Ke8 {[%emt 0:00:06]} 40. Nb8 {[%emt 0:00:32]} Rg1+ {[%emt 0:01:07]} 41. Kf4 {[%emt 0:00:12]} Bb5 {[%emt 0:00:40]} 42. Rxg7 {[%emt 0:00:14]} Bxd3 {[%emt 0:00:29]} 43. Rg8+ {[%emt 0:02:02]} Ke7 {[%emt 0:02:56]} 44. Nc6+ {[%emt 0:00:29]} Kd7 {[%emt 0:00:00]} 45. Nxb4 {[%emt 0:00:48]} Rxg6 {[%emt 0:00:00]} 46. Rxg6 {[%emt 0:00:23]} Bxg6 {[%emt 0:00:00]} 47. Kg5 {[%emt 0:00:08]} Bf5 {[%emt 0:00:00]} 48. Kf6 {[%emt 0:00:03]} d4 {[%emt 0:00:00]} 49. Na2 {[%emt 0:00:38]} Bb1 {[%emt 0:00:01]} 50. Nc1 {[%emt 0:01:13]} d3 {[%emt 0:00:10]} 51. Nxd3 {[%emt 0:00:20]} Bxd3 {[%emt 0:00:07]} 52. Kg5 {[%emt 0:00:40]} Kc6 {[%emt 0:00:24]} 53. Kf4 {[%emt 0:00:23]} Kd5 {[%emt 0:00:07]} 54. Ke3 {[%emt 0:00:26]} Bb5 {[%emt 0:00:50]} 55. b4 {[%emt 0:00:40]} Kxe5 {[%emt 0:00:09]} 56. Kd2 {[%emt 0:00:05]} Ke4 {[%emt 0:00:19]} 57. Ke1 {[%emt 0:00:09]} Ke3 {[%emt 0:00:14]} 0-1

[Event "Chile Championship Women 2022"]
[Site "Las Condes"]
[Date "2022.02.24"]
[Round "8.2"]
[White "Araos Diaz, Constanza Paz"]
[Black "Morales Flores, Monserrat"]
[Result "1/2-1/2"]
[WhiteElo "1435"]
[BlackElo "1943"]
[Annotator "RC"]
[PlyCount "63"]
[EventDate "2022.02.18"]
[EventType "tourn"]
[EventCountry "CHI"]
[SourceTitle "playchess.com"]
[Source "ChessBase"]
[SourceQuality "1"]
[TimeControl "5400+30"]

1. d4 {[%emt 0:03:53]} Nf6 {[%emt 0:06:25]} 2. Bf4 {[%emt 0:00:02]} g6 {[%emt 0:00:08]} 3. e3 {[%emt 0:00:04]} Bg7 {[%emt 0:00:04]} 4. Nf3 {[%emt 0:00:13]} O-O {[%emt 0:00:21]} 5. Be2 {[%emt 0:00:04]} d6 {[%emt 0:00:07]} 6. O-O {[%emt 0:00:06]} Nbd7 {[%emt 0:00:13]} 7. Nbd2 {[%emt 0:00:18]} b6 {[%emt 0:00:20]} 8. c3 {[%emt 0:00:17]} Bb7 {[%emt 0:00:20]} 9. Rc1 {[%emt 0:00:50]} Qe8 {[%emt 0:03:00]} 10. h3 {[%emt 0:00:48]} e5 {[%emt 0:00:31]} 11. Bh2 {[%emt 0:00:36]} e4 {[%emt 0:12:32]} 12. Ne1 {[%emt 1:29:19]} Qe7 {[%emt 0:00:55]} 13. b3 {[%emt 0:00:00]} a5 {[%emt 0:06:15]} 14. c4 {[%emt 0:00:00]} Ne8 {[%emt 0:04:26]} 15. Nb1 {[%emt 0:00:00]} f5 {[%emt 0:02:48]} 16. Nc3 {[%emt 0:00:00]} g5 {[%emt 0:09:05]} 17. g3 {[%emt 0:00:00]} Kh8 {[%emt 0:16:36]} 18. Ng2 {[%emt 0:00:00]} Nef6 {[%emt 0:00:33]} 19. f4 {[%emt 0:00:00]} exf3 {[%emt 0:04:50]} 20. Bxf3 {[%emt 0:00:00]} Ne4 {[%emt 0:01:56]} 21. Nxe4 {[%emt 0:00:00]} Bxe4 {[%emt 0:00:11]} 22. Bxe4 {[%emt 0:00:00]} Qxe4 {[%emt 0:00:05]} 23. Qc2 {[%emt 0:00:00]} Rae8 {[%emt 0:01:20]} 24. Qxe4 {[%emt 0:00:00]} fxe4 {[%emt 0:03:44]} 25. Rxf8+ {[%emt 0:00:00]} Rxf8 {[%emt 0:00:04]} 26. Rf1 {[%emt 0:00:00]} Kg8 {[%emt 0:01:10]} 27. Rxf8+ {[%emt 0:00:00]} Kxf8 {[%emt 0:00:05]} 28. Ne1 {[%emt 0:00:00]} Ke7 {[%emt 0:04:45]} 29. Nc2 {[%emt 0:00:00]} c6 {[%emt 0:01:44]} 30. Kf2 {[%emt 0:00:00]} h5 {[%emt 0:01:48]} 31. Ke2 {[%emt 0:00:00]} g4 {[%emt 0:07:38]} 32. h4 {[%emt 0:00:00]} 1/2-1/2

[Event "Chile Championship Women 2022"]
[Site "Las Condes"]
[Date "2022.02.24"]
[Round "8.3"]
[White "Rozas Lazcano, Valeska"]
[Black "Reyes Jara, Paula"]
[Result "1/2-1/2"]
[WhiteElo "1456"]
[BlackElo "1880"]
[Annotator "NA RC"]
[PlyCount "41"]
[EventDate "2022.02.18"]
[EventType "tourn"]
[EventCountry "CHI"]
[SourceTitle "playchess.com"]
[Source "ChessBase"]
[SourceQuality "1"]
[TimeControl "5400+30"]

1. e4 {[%emt 0:01:36]} e5 {[%emt 0:00:31]} 2. Nf3 {[%emt 0:00:12]} Nc6 {[%emt 0:00:06]} 3. Bc4 {[%emt 0:00:04]} Bc5 {[%emt 0:00:34]} 4. c3 {[%emt 0:00:23]} Nf6 {[%emt 0:01:00]} 5. d3 {[%emt 0:00:05]} d6 {[%emt 0:00:45]} 6. h3 {[%emt 0:00:49]} a6 {[%emt 0:03:24]} 7. b4 {[%emt 0:01:29]} Ba7 {[%emt 0:00:39]} 8. Bb3 {[%emt 0:00:08]} h6 {[%emt 0:01:38]} 9. Be3 {[%emt 0:00:40]} Bxe3 {[%emt 0:02:08]} 10. fxe3 {[%emt 0:00:07]} Qe7 {[%emt 0:00:14]} 11. Nbd2 {[%emt 0:02:49]} Bd7 {[%emt 0:01:58]} 12. Qe2 {[%emt 0:07:49]} Nh5 {[%emt 0:04:08]} 13. Qf2 {[%emt 0:05:04]} g5 {[%emt 0:02:05]} 14. Nh2 {[%emt 0:16:34]} Be6 {[%emt 0:02:55]} (14... Rf8 $1 $14) 15. Rf1 {[%emt 0:08:23]} (15. O-O $16) 15... O-O-O {[%emt 0:00:45]} 16. O-O-O $11 {[%emt 0:04:36]} Qd7 {[%emt 0:15:08]} 17. Qf3 {[%emt 0:01:56]} Ng7 {[%emt 0:00:08]} 18. Qf6 {[%emt 0:06:08]} Nh5 {[%emt 0:00:12]} 19. Qf3 {[%emt 0:00:24]} Ng7 {[%emt 0:00:36]} 20. Qf6 {[%emt 0:00:08]} Nh5 {[%emt 0:03:31]} 21. Qf3 {[%emt 0:00:11]} 1/2-1/2

[Event "Chile Championship Women 2022"]
[Site "Las Condes"]
[Date "2022.02.24"]
[Round "8.4"]
[White "Sanchez Tobar, Francisca Valentina"]
[Black "Gomez Barrera, Javiera Belen"]
[Result "1-0"]
[WhiteElo "1837"]
[BlackElo "2199"]
[Annotator "RC"]
[PlyCount "105"]
[EventDate "2022.02.18"]
[EventType "tourn"]
[EventCountry "CHI"]
[SourceTitle "playchess.com"]
[Source "ChessBase"]
[SourceQuality "1"]
[TimeControl "5400+30"]

1. e4 {[%emt 0:01:18]} c5 {[%emt 0:00:56]} 2. Nf3 {[%emt 0:00:30]} d6 {[%emt 0:00:19]} 3. Bb5+ {[%emt 0:00:41]} Nd7 {[%emt 0:01:26]} 4. O-O {[%emt 0:01:33]} a6 {[%emt 0:03:11]} 5. Be2 {[%emt 0:02:48]} Ngf6 {[%emt 0:02:51]} 6. d3 {[%emt 0:01:24]} g6 {[%emt 0:11:19]} 7. Re1 {[%emt 0:03:33]} Bg7 {[%emt 0:00:33]} 8. Bf1 {[%emt 0:00:50]} O-O {[%emt 0:17:37]} 9. g3 {[%emt 0:02:13]} e5 {[%emt 0:05:49]} 10. c4 {[%emt 0:12:58]} b5 {[%emt 0:09:59]} 11. a3 {[%emt 0:01:19]} Nb8 {[%emt 0:10:13]} 12. h3 {[%emt 0:06:38]} Nc6 {[%emt 0:01:59]} 13. Be3 {[%emt 0:01:21]} Rb8 {[%emt 0:03:50]} 14. b3 {[%emt 0:02:51]} Ne8 {[%emt 0:02:32]} 15. Bg2 {[%emt 0:15:43]} f5 {[%emt 0:04:07]} 16. Kh2 {[%emt 0:01:23]} Kh8 {[%emt 0:09:39]} 17. Nc3 {[%emt 0:06:48]} Bd7 {[%emt 0:06:12]} 18. Rc1 {[%emt 0:05:40]} Nc7 {[%emt 0:01:50]} 19. Rf1 {[%emt 0:08:24]} Ne6 {[%emt 0:00:32]} 20. Ng1 {[%emt 0:00:41]} f4 {[%emt 0:02:08]} 21. Bd2 {[%emt 0:00:15]} Ncd4 {[%emt 0:00:48]} 22. Rb1 {[%emt 0:04:00]} bxc4 {[%emt 0:01:05]} 23. dxc4 {[%emt 0:01:24]} Qe8 {[%emt 0:00:58]} 24. Nd5 {[%emt 0:01:47]} Rxb3 {[%emt 0:01:16]} 25. Rxb3 {[%emt 0:00:52]} Ba4 {[%emt 0:00:01]} 26. Rb8 {[%emt 0:00:22]} Qxb8 {[%emt 0:01:23]} 27. Qxa4 {[%emt 0:00:19]} f3 {[%emt 0:00:52]} 28. Bh1 {[%emt 0:00:34]} g5 {[%emt 0:00:27]} 29. Qd1 {[%emt 0:03:54]} Qb3 {[%emt 0:00:28]} 30. Qxb3 {[%emt 0:02:12]} Nxb3 {[%emt 0:00:01]} 31. Be3 {[%emt 0:00:22]} Ned4 {[%emt 0:00:34]} 32. Rb1 {[%emt 0:00:18]} a5 {[%emt 0:00:53]} 33. Nxf3 {[%emt 0:00:35]} Rxf3 {[%emt 0:00:37]} 34. Rxb3 {[%emt 0:00:13]} Rxf2+ {[%emt 0:00:08]} 35. Bxf2 {[%emt 0:00:06]} Nxb3 {[%emt 0:00:04]} 36. Be3 {[%emt 0:00:18]} Na1 {[%emt 0:00:47]} 37. Bxg5 {[%emt 0:00:21]} Nc2 {[%emt 0:00:21]} 38. a4 {[%emt 0:00:05]} Na3 {[%emt 0:00:22]} 39. Ne3 {[%emt 0:00:50]} Kg8 {[%emt 0:00:33]} 40. Bd8 {[%emt 0:00:17]} Bh6 {[%emt 0:00:10]} 41. Nf5 {[%emt 0:00:22]} Bf8 {[%emt 0:00:18]} 42. Bxa5 {[%emt 0:00:34]} Nxc4 {[%emt 0:00:02]} 43. Bc7 {[%emt 0:00:09]} Na3 {[%emt 0:01:42]} 44. Bf3 {[%emt 0:03:40]} c4 {[%emt 0:00:11]} 45. Ba5 {[%emt 0:01:31]} Kf7 {[%emt 0:00:18]} 46. Be2 {[%emt 0:01:12]} Kf6 {[%emt 0:01:06]} 47. Ne3 {[%emt 0:00:27]} Bh6 {[%emt 0:00:38]} 48. Ng4+ {[%emt 0:00:12]} Kg6 {[%emt 0:00:12]} 49. Nxh6 {[%emt 0:00:03]} Kxh6 {[%emt 0:00:08]} 50. Bb4 {[%emt 0:00:11]} Nc2 {[%emt 0:01:07]} 51. Bd2+ {[%emt 0:00:50]} Kg6 {[%emt 0:00:06]} 52. Bxc4 {[%emt 0:00:16]} Nd4 {[%emt 0:00:01]} 53. Kg2 {[%emt 0:00:13]} 1-0

[Event "Chile Championship Women 2022"]
[Site "Las Condes"]
[Date "2022.02.24"]
[Round "8.5"]
[White "Fuentes Inzunza, Lesly"]
[Black "Luna Benalcazar, Gianella"]
[Result "1/2-1/2"]
[WhiteElo "1816"]
[BlackElo "1736"]
[Annotator "NA RC"]
[PlyCount "72"]
[EventDate "2022.02.18"]
[EventType "tourn"]
[EventCountry "CHI"]
[SourceTitle "playchess.com"]
[Source "ChessBase"]
[SourceQuality "1"]
[TimeControl "5400+30"]

{[%evp 18,58,-23,32767,-54,-44,-37,-48,0,32767,-51,-58,32767,-53,32767,-46,0,-4,0,0,-6,-74,-50,-70,32767,-73,-51,-68,-49,-68,-41,-67,-60,-75,0,-35,32767,32767,32767,-42,0,-8,0]} 1. d4 {[%emt 0:01:56]} Nf6 {[%emt 0:02:11]} 2. Nf3 {[%emt 0:00:16]} g6 {[%emt 0:00:06]} 3. g3 {[%emt 0:00:57]} Bg7 {[%emt 0:00:05]} 4. Bg2 {[%emt 0:00:13]} O-O {[%emt 0:00:04]} 5. O-O {[%emt 0:00:22]} d6 {[%emt 0:00:04]} 6. h3 {[%emt 0:02:40]} Nc6 {[%emt 0:00:13]} 7. c3 {[%emt 0:04:23]} e5 {[%emt 0:02:27]} 8. dxe5 {[%emt 0:03:48]} dxe5 {[%emt 0:00:47]} 9. Qa4 {[%emt 0:09:43]} Bd7 {[%emt 0:04:44]} 10. Qh4 {[%emt 0:10:44]} Ne8 $1 {[%emt 0:03:45]} 11. Rd1 {[%emt 0:16:23]} Nd6 {[%emt 0:04:03]} 12. Na3 {[%emt 0:07:41]} Re8 {[%emt 0:04:46]} (12... Qxh4 $15 13. Nxh4 Rad8) 13. e4 {[%emt 0:06:41]} Qxh4 {[%emt 0:09:08]} 14. Nxh4 {[%emt 0:00:40]} Rad8 {[%emt 0:00:58]} 15. Be3 {[%emt 0:01:45]} Bf6 {[%emt 0:01:29]} 16. Bc5 {[%emt 0:05:12]} Be7 {[%emt 0:08:04]} 17. Bxd6 {[%emt 0:04:28]} Bxd6 {[%emt 0:00:11]} 18. Nb5 {[%emt 0:01:31]} Be6 {[%emt 0:02:49]} 19. Rd2 {[%emt 0:03:58]} (19. Nxd6 $11 {remains equal.} Rxd6 20. Rxd6 cxd6 21. f4) 19... Be7 {[%emt 0:04:15]} 20. Rxd8 {[%emt 0:03:56]} Bxd8 {[%emt 0:00:06]} 21. Nf3 $1 {[%emt 0:02:38]} a6 {[%emt 0:02:38]} 22. Na3 {[%emt 0:00:09]} Be7 {[%emt 0:00:26]} 23. Nc2 {[%emt 0:00:21]} Rd8 {[%emt 0:00:44]} 24. g4 {[%emt 0:01:51]} Bc5 {[%emt 0:06:06]} 25. Bf1 {[%emt 0:02:04]} b5 {[%emt 0:04:15]} ({Black should play} 25... f6 $17) 26. a4 {[%emt 0:02:00]} bxa4 {[%emt 0:18:11]} 27. Bxa6 {[%emt 0:00:33]} Rb8 {[%emt 0:01:04]} 28. Nce1 {[%emt 0:01:15]} Bb3 $11 {[%emt 0:04:14]} (28... a3 $15 {is more appropriate.} 29. bxa3 (29. b4 Nxb4 30. cxb4 Bxb4 $15) 29... Rb3) 29. Nd3 {[%emt 0:00:29]} Bd6 {[%emt 0:00:51]} 30. Nd2 {[%emt 0:05:07]} Bc2 {[%emt 0:05:31]} 31. Ra2 {[%emt 0:01:21]} Rb6 {[%emt 0:08:08]} 32. Bc4 {[%emt 0:00:02]} Na5 {[%emt 0:01:03]} 33. Ne1 {[%emt 0:01:10]} Bd1 {[%emt 0:02:39]} 34. Bd3 {[%emt 0:00:21]} Bc2 {[%emt 0:01:25]} 35. Bc4 Bf8 {[%emt 0:00:30]} 36. Ba6 {[%emt 0:01:00]} Rb8 {[%emt 0:00:30]} 1/2-1/2

[Event "Chile Championship Women 2022"]
[Site "Las Condes"]
[Date "2022.02.25"]
[Round "9.1"]
[White "Gomez Barrera, Javiera Belen"]
[Black "Fuentes Inzunza, Lesly"]
[Result "1-0"]
[WhiteElo "2199"]
[BlackElo "1816"]
[Annotator "TA"]
[PlyCount "63"]
[EventDate "2022.02.18"]
[EventType "tourn"]
[EventCountry "CHI"]
[SourceTitle "playchess.com"]
[Source "ChessBase"]
[SourceQuality "1"]

{[%evp 9,63,-44,50,32,32,18,29,0,8,5,41,30,75,40,47,44,73,65,83,72,77,84,385,225,242,235,240,240,276,254,300,265,254,250,247,247,287,293,292,292,282,284,396,407,434,403,389,400,393,276,5900,743,29965,29964,2273,1883]} 1. e4 c6 2. d4 d5 3. e5 Bf5 4. h4 h5 5. Bg5 Qd7 (5... Qb6 $15) 6. Bd3 {[#] B12: Caro-Kann: Advance Variation.} Bxd3 $146 ({Predecessor:} 6... Nh6 7. Nf3 Bxd3 8. Qxd3 Nf5 9. O-O Na6 10. c4 dxc4 11. Qxc4 e6 12. Nc3 Be7 {1-0 (46) Shkapenko,P (2422)-Blom,V (2243) Maastricht 2015}) 7. Qxd3 e6 8. Ne2 {White has an edge.} Ne7 9. Nd2 Nf5 (9... c5 $5) 10. Ng3 g6 (10... Nxg3 $11 11. Qxg3 (11. fxg3 c5 $11) 11... c5) 11. Rd1 Na6 12. Nxf5 gxf5 13. a3 c5 14. c4 {White is more active.} dxc4 15. Nxc4 {And now 0-0 would win.} b5 $2 {[%mdl 8192] [#] This move loses the game for Black.} (15... cxd4 $16 {is tougher.} 16. O-O (16. Qxd4 Qxd4 17. Rxd4 b5 $14) 16... Nc5 17. Qxd4 Qxd4 18. Rxd4 Ne4) 16. Qf3 $1 Qd5 $18 17. Qxd5 exd5 18. Ne3 {[%csl LRd5,LRf5]} cxd4 19. Rxd4 Bg7 20. Rxd5 Nc7 21. Rc5 ({Weaker is} 21. Nxf5 Nxd5 22. Nxg7+ Kf8 $15) 21... Ne6 22. Rxb5 a6 23. Ra5 f4 24. Nf5 O-O 25. Bf6 Bxf6 26. exf6 {White wants to mate with Ne7+.} Kh7 27. Ne7 {[%cal Ra5h5]} Kh6 28. O-O Rfb8 29. Re1 {Strongly threatening Ree5.} Rxb2 $2 (29... Rb5) 30. a4 (30. Ree5 $142 Rb1+ 31. Kh2 Rb5 32. Rexb5 axb5 33. Rxa8 Kh7 34. Rg8 b4 35. axb4) 30... f3 {[#]} 31. Ree5 $1 {[%csl Ga5][%cal Re5h5]} Nf4 32. g3 {Weighted Error Value: White=0.22 (precise) /Black=0.76} 1-0

[Event "Chile Championship Women 2022"]
[Site "Las Condes"]
[Date "2022.02.25"]
[Round "9.2"]
[White "Reyes Jara, Paula"]
[Black "Sanchez Tobar, Francisca Valentina"]
[Result "0-1"]
[WhiteElo "1880"]
[BlackElo "1837"]
[Annotator "NA RC"]
[PlyCount "67"]
[EventDate "2022.02.18"]
[EventType "tourn"]
[EventCountry "CHI"]
[SourceTitle "playchess.com"]
[Source "ChessBase"]
[SourceQuality "1"]
[TimeControl "5400+30"]

{[%evp 8,64,17,16,32767,32767,32767,32767,32767,32767,32767,32767,32767,0,32767,32767,32767,32767,32767,32767,-10,-4,1,32767,-6,-51,20,-53,-6,-21,-15,-20,-36,-29,41,40,46,39,62,44,18,15,40,32767,32767,32767,-21,-55,-24,-100,-67,-128,-102,-496,-500,-542,-719,-982,-762]} 1. e4 {[%emt 0:00:01]} e5 {[%emt 0:09:32]} 2. Nf3 {[%emt 0:00:06]} Nc6 {[%emt 0:00:35]} 3. Bc4 {[%emt 0:00:09]} Bc5 {[%emt 0:00:58]} 4. c3 {[%emt 0:00:45]} Nf6 {[%emt 0:00:43]} 5. d3 {[%emt 0:00:11]} a6 {[%emt 0:01:04]} 6. Nbd2 {[%emt 0:03:13]} d6 {[%emt 0:02:43]} 7. Bb3 {[%emt 0:00:07]} Ba7 {[%emt 0:00:59]} 8. Nf1 {[%emt 0:01:32]} h6 {[%emt 0:00:50]} 9. h3 {[%emt 0:01:20]} Ne7 {[%emt 0:02:17]} 10. Be3 {[%emt 0:02:38]} Ng6 {[%emt 0:01:37]} 11. Qd2 {[%emt 0:03:16]} Be6 {[%emt 0:04:13]} 12. Bxa7 {[%emt 0:08:35]} Rxa7 {[%emt 0:02:22]} 13. Ne3 {[%emt 0:01:50]} Ra8 {[%emt 0:02:19]} 14. h4 {[%emt 0:07:52]} Qd7 {[%emt 0:05:13]} 15. Qc2 {[%emt 0:05:38]} O-O {[%emt 0:14:42]} 16. O-O-O {[%emt 0:04:49]} c5 {[%emt 0:04:54]} (16... Bxb3 {should be considered.} 17. Qxb3 a5) 17. g3 {[%emt 0:04:10]} (17. h5 $11 {was preferrable.} Ne7 18. Rh4) 17... Ne7 {[%emt 0:10:27]} (17... Bxb3 $15 18. Qxb3 b5) 18. Rdg1 {[%emt 0:03:49]} Ng4 {[%emt 0:05:20]} 19. Nxg4 {[%emt 0:03:40]} Bxg4 {[%emt 0:00:05]} 20. Nh2 {[%emt 0:00:11]} Kh8 {[%emt 0:01:13]} ({Black should play} 20... Be6 $11) 21. f4 {[%emt 0:00:24]} f5 {[%emt 0:02:11]} 22. Nxg4 {[%emt 0:00:36]} fxg4 {[%emt 0:00:06]} 23. f5 {[%emt 0:00:09]} d5 {[%emt 0:00:13]} 24. Qe2 {[%emt 0:03:05]} d4 {[%emt 0:14:54]} 25. h5 {[%emt 0:04:54]} dxc3 {[%emt 0:01:55]} 26. bxc3 {[%emt 0:00:08]} b5 {[%emt 0:00:54]} 27. Be6 {[%emt 0:07:35]} Qd8 {[%emt 0:00:56]} (27... Qd6 $15) 28. Rh4 {[%emt 0:04:32]} (28. Rf1 $15) 28... b4 {[%emt 0:00:42]} 29. Qc2 {[%emt 0:03:46]} (29. Qd2 $1 $15) 29... Rb8 {[%emt 0:02:32]} 30. Rxg4 $2 {[%emt 0:02:11]} (30. Bb3 {was the crucial defense.}) 30... Qa5 {[%emt 0:00:55]} 31. Bb3 {[%emt 0:03:44]} bxc3 {[%emt 0:00:55]} 32. Kd1 {[%emt 0:00:49]} Nc6 $19 {[%emt 0:00:55]} 33. Rg6 {[%emt 0:14:00]} Nd4 {[%emt 0:00:37]} 34. Qc1 {[%emt 0:00:21]} 0-1

[Event "Chile Championship Women 2022"]
[Site "Las Condes"]
[Date "2022.02.25"]
[Round "9.3"]
[White "Morales Flores, Monserrat"]
[Black "Rozas Lazcano, Valeska"]
[Result "1-0"]
[WhiteElo "1943"]
[BlackElo "1456"]
[Annotator "TA"]
[PlyCount "59"]
[EventDate "2022.02.18"]
[EventType "tourn"]
[EventCountry "CHI"]
[SourceTitle "playchess.com"]
[Source "ChessBase"]
[SourceQuality "1"]

{[%evp 9,59,21,41,32,66,24,78,68,175,157,256,234,379,189,182,177,154,116,118,122,133,79,92,62,71,35,27,0,0,0,0,0,9,-8,0,-5,0,0,13,28,214,-36,998,993,933,939,29986,29987,29987,29988,29988,6225]} 1. e4 c5 2. Nf3 e6 3. d4 cxd4 4. Nxd4 a6 5. Be2 Bc5 6. O-O {B41: Sicilian: Kan Variation: 5 c4.} Qc7 {To avoid Bf4} 7. Nc3 (7. Nb3 $14 {feels stronger.}) 7... b5 (7... Ne7 $11 {remains equal.}) 8. Be3 $1 $16 {[%cal Od4b5] Ndxb5! is the strong threat. White is better.} Nf6 {[#]} (8... Ne7 $14) 9. Bf3 $1 $18 {[%cal Oe4e5] Black must now prevent e5!} e5 (9... Bxd4 $16 10. Bxd4 (10. Qxd4 Nc6 $14) 10... e5) 10. Nf5 {[#]} Bxe3 $146 (10... Bf8 $142 11. Bg5 (11. Nd5 Nxd5 12. Qxd5 Bb7 $16) 11... Qc6) ({Predecessor:} 10... O-O 11. a4 b4 12. Nd5 Nxd5 13. Qxd5 Bxe3 14. Ne7+ Kh8 15. Nxc8 Qc6 16. fxe3 Qxd5 17. exd5 Rxc8 {½-½ (64) Salavecz,G (1966)-Egri,L (2156) Hungary 2015}) 11. Nd6+ ({Weaker is} 11. Nxe3 O-O $16) (11. Nxg7+ $142 Kf8 12. fxe3 Kxg7 13. Bh5) 11... Ke7 12. Nf5+ Kf8 {[%cal Be7f8,Bf8g8,Bg8g7][%mdl 32] Hoping for ...Bb6.} 13. Nxe3 Bb7 14. Qd2 g6 15. Ned5 {White is more active.} (15. Rfd1 $142) 15... Bxd5 $16 16. Qh6+ ({Much less strong is} 16. exd5 d6 $14) 16... Kg8 $1 {And now ...Be6 would win.} 17. exd5 {[%cal Od5d6] Strongly threatening d6!} d6 18. Qh4 Kg7 19. a4 $36 {[%mdl 2048] White fights for an advantage.} Nbd7 20. axb5 axb5 21. Nxb5 {[%cal Bc3b5,Bb5d6,Bd6f5][%mdl 32]} Qxc2 {Threatens to win with ...Rxa1.} 22. Rac1 {[%cal Ba1c1,Bc1c6,Bc6c8][%mdl 32]} ({Reject} 22. Nxd6 Rxa1 23. Rxa1 Rb8 $15) 22... Qxb2 23. Nxd6 Qa3 24. Rc6 {[%cal Od6f5]} Ra4 $2 {[#]} (24... Rhb8 $11 {and Black has nothing to worry.}) 25. Qg5 $2 (25. Nf5+ $1 $18 {[%mdl 512]} gxf5 26. Qg5+ Kf8 27. Rxf6) 25... h6 $2 {[%mdl 8192]} (25... Rf4 $15) 26. Nf5+ $1 $18 Kg8 27. Rc8+ Nf8 28. Qxf6 {[%csl Gf5][%cal Rf6g7] White mates.} gxf5 29. d6 Rh7 30. Qe7 {Weighted Error Value: White=0.38/Black=0.58} 1-0